<?xml version="1.0" encoding="UTF-8"?>
<record
    xmlns:xsi="http://www.w3.org/2001/XMLSchema-instance"
    xsi:schemaLocation="http://www.loc.gov/MARC21/slim http://www.loc.gov/standards/marcxml/schema/MARC21slim.xsd"
    xmlns="http://www.loc.gov/MARC21/slim">

  <leader>00901nam a22002417i 4500</leader>
  <datafield tag="999" ind1=" " ind2=" ">
    <subfield code="c">22737</subfield>
    <subfield code="d">22737</subfield>
  </datafield>
  <controlfield tag="003">AR-CdUCM</controlfield>
  <controlfield tag="008">231020b20122012pe ||||| |||| 001 0 spa d</controlfield>
  <datafield tag="040" ind1=" " ind2=" ">
    <subfield code="a">MUNICIPALIDAD PROVINCIAL DEL CUSCO</subfield>
    <subfield code="c">BIBLIOTECA MUNICIPAL DEL CUSCO</subfield>
  </datafield>
  <datafield tag="082" ind1=" " ind2=" ">
    <subfield code="a">346.25 / V44</subfield>
    <subfield code="b">V44</subfield>
  </datafield>
  <datafield tag="100" ind1=" " ind2=" ">
    <subfield code="a">Vengoa Z&#xFA;niga, Antonio Fredy</subfield>
  </datafield>
  <datafield tag="245" ind1=" " ind2=" ">
    <subfield code="a">Nuevas Causales de Divorcio para el &#xC1;mbito Jur&#xED;dico Universal :</subfield>
    <subfield code="b">Derecho de familia /</subfield>
  </datafield>
  <datafield tag="260" ind1=" " ind2=" ">
    <subfield code="a">Cusco :</subfield>
    <subfield code="c">2012.</subfield>
  </datafield>
  <datafield tag="300" ind1=" " ind2=" ">
    <subfield code="a">82 p&#xE1;ginas. :</subfield>
    <subfield code="c">23 cm.</subfield>
  </datafield>
  <datafield tag="500" ind1=" " ind2=" ">
    <subfield code="z">bibliograf&#xED;a: p&#xE1;ginas 79-82</subfield>
  </datafield>
  <datafield tag="505" ind1=" " ind2=" ">
    <subfield code="a">Noci&#xF3;n de familia -- Noci&#xF3;n de matrimonio -- Noci&#xF3;n de divorcio -- El divorcio en el derecho comparado </subfield>
  </datafield>
  <datafield tag="650" ind1=" " ind2=" ">
    <subfield code="a">Teor&#xED;a ecol&#xF3;gica,Matrimonio,  </subfield>
    <subfield code="9">49230</subfield>
  </datafield>
  <datafield tag="650" ind1=" " ind2=" ">
    <subfield code="a">Divorcio en el derecho comparado,</subfield>
    <subfield code="9">49231</subfield>
  </datafield>
  <datafield tag="650" ind1=" " ind2=" ">
    <subfield code="a">Divorcio,</subfield>
    <subfield code="9">8382</subfield>
  </datafield>
  <datafield tag="650" ind1=" " ind2=" ">
    <subfield code="a"> Familia, </subfield>
    <subfield code="9">2366</subfield>
  </datafield>
  <datafield tag="942" ind1=" " ind2=" ">
    <subfield code="2">ddc</subfield>
    <subfield code="c">LIBROS</subfield>
  </datafield>
  <datafield tag="945" ind1=" " ind2=" ">
    <subfield code="a">pebm</subfield>
    <subfield code="d">2023-10-20</subfield>
  </datafield>
  <datafield tag="952" ind1=" " ind2=" ">
    <subfield code="0">0</subfield>
    <subfield code="2">ddc</subfield>
    <subfield code="4">0</subfield>
    <subfield code="7">0</subfield>
    <subfield code="a">SH</subfield>
    <subfield code="b">SH</subfield>
    <subfield code="c">CART</subfield>
    <subfield code="d">2023-10-20</subfield>
    <subfield code="e">Donaci&#xF3;n</subfield>
    <subfield code="g">15.00</subfield>
    <subfield code="o">346.25 / V44</subfield>
    <subfield code="p">SH0000016567</subfield>
    <subfield code="r">2023-10-20</subfield>
    <subfield code="y">LIBROS</subfield>
  </datafield>
</record>
